000 00221 a2200109 4500
020 _a8944513368733
041 _aspa
100 _aSicoben
245 _aLos Cachorros Salvan el Robot de Ryder
942 _cBK
952 _74
999 _c24865
_d24865